Popularne polskie piosenki w tym tygodniu. 23-29.07 - Statystyki

Ogólne statystyki
  • Ten quiz został rozwiązany 14 razy
  • Średni wynik to 6 z 30
Statystyki odpowiedzi
Wykonawca Wyświetlenia Utwór % Poprawnych
Kizo 3.55M Disney
85%
Mata 3.18M Kiss cam (podryw roku)
85%
Cleo & Lexy 2.02M Polskie Mexico
54%
Sanah ft. Vito Bambino 1.17M Ale jazz!
46%
Mata ft. White 2115 2.04M La la la (oh oh)
46%
Sobel 1.42M Fiołkowe Pole
38%
OIO 677K Amerykańskie Teledyski
31%
Sanah 1.80M etc. (na disco)
23%
Kizo ft. Wac Toja 968K Nasze Lato
23%
Sanah 700K 2:00
15%
Kwiat Jabłoni ft. Julia Pietrucha 1.02M Drogi proste
15%
Zdechły Osa 926K Patolove
15%
Wiatr ft. Sobel, Be Vis 588K Testarossa
15%
Guzior ft. Oskar83 612K FALA
8%
Męskie Granie Orkiestra 2021 ft. Daria Zawiałow, Dawid Podsiadło, Vito Bambino 2.63M I Ciebie też, bardzo
8%
Sobel 1.01M Kinol
8%
Kizo 1.20M Król balu
8%
Chivas ft. White 2115 630K Mam Na Twarzy Krew I Tym Razem Nie Jest Sztuczna
8%
Defis & MiłyPan 583K Musisz się starać
8%
Sanah 602K No sory
8%
Mata 648K Patoreakcja
8%
Żabson, Kizo, ZetHa 1.16M Puerto Bounce
8%
Ekipa 588K Sen
8%
Sanah 1.09M ten Stan
8%
Guzior 612K BLUEBERRY
0%
Malik Montana 735K Głosy w Głowie
0%
Kubańczyk 609K Glow up
0%
Piękni i Młodzi 684K Jak w bajce (Ti Amo)
0%
Tymek, Brodka, Urbanski 873K Ostatni
0%
Arne 1.42M Poranna Rosa
0%
Nie znaleziono quizów pasujących do podanych kryteriów
Rozkład punktacji
Procent ludzi z każdym wynikiem
Percentyl według liczby udzielonych odpowiedzi
Twoja historia wyników
Nie rozwiązałeś tego quizu